Library Banner

جدوجہد پاکستان (Record no. 70356)

MARC details
000 -LEADER
fixed length control field 00468nam a22001577a 4500
005 - DATE AND TIME OF LATEST TRANSACTION
control field 20150424103219.0
008 - FIXED-LENGTH DATA ELEMENTS--GENERAL INFORMATION
fixed length control field 150424b xxu||||| |||| 00| 0 eng d
040 ## - CATALOGING SOURCE
Transcribing agency PK-LaUMT
082 ## - DEWEY DECIMAL CLASSIFICATION NUMBER
Classification number KHC 954.0359
Item number ISH-J
100 ## - MAIN ENTRY--PERSONAL NAME
Personal name اشتیاق حسین
245 ## - TITLE STATEMENT
Title جدوجہد پاکستان
Statement of responsibility, etc اشتیاق حسین
260 ## - PUBLICATION, DISTRIBUTION, ETC. (IMPRINT)
Place of publication, distribution, etc کراچی
Name of publisher, distributor, etc کراچی یونیورسٹی
Date of publication, distribution, etc 1984
300 ## - PHYSICAL DESCRIPTION
Extent 531 ص
700 ## - ADDED ENTRY--PERSONAL NAME
Personal name بلال احمد زبیری(مترجم
942 ## - ADDED ENTRY ELEMENTS (KOHA)
Koha item type Books
Holdings
Withdrawn status Lost status Damaged status Home library Current library Date acquired Full call number Barcode Date last seen Price effective from Koha item type
      UMT Main Campus UMT Main Campus 2015-04-24 KHC 954.0359 ISH-J 67718 2022-03-18 2015-04-24 Books